000 00966nab a2200265 u 4500
001 15918
003 HDC
007 cr bn ---aaaaa
008 210201b20140610my ||||| |||| 00| 0 may d
040 _aHDC
100 _aSri Ayu Kartika Amri,
_eauthor
_97653
245 0 _aJual 30,000 sebulan : Clay Miff produk samak, tayamum 100 peratus tanah liat semula jadi /
_cSri Ayu Kartika Amri
260 _aKuala Lumpur :
_bThe New Straits Times Press (M) Bhd.,
_c2014
300 _a1 online resource
336 _atext
_2rdacontent
337 _acomputer
_2rdamedia
338 _aonline resource
_2rdacarrier
650 _aEntrepreneurship
_9209
650 _aSmall business
_xFine
_915914
710 _aHarian Metro,
_eissung body
856 _zRequest full-text at [email protected]
942 _2lcc
942 _cNEWS
942 _kNWSC 006451
999 _c13234
_d13234